000 00658nam a2200217Ia 4500
005 20250508163919.0
008 008 250505s9999 xx 000 0 eng d
020 _a81-85399-47-6
037 _aTextual
040 _aFEDL
_beng
_cFEDL
041 _aeng
_2eng
084 _a331.31, VOL
_qFEDL
100 _aVoll Klaus Ed.
_9437682
245 0 _aAgainst child labour : Indian and international dimensions and strategies
260 _aNew Delhi, India
_bMosaic Books
_c1999
300 _axv,360p.
490 _aBerlin studies in international politics
650 _aEconomics
942 _cTEXL
_h331.31, VOL
999 _c1385935
_d1385935